All cities in Israel / עריי ישראל - Statistics

General Stats
  • This quiz has been taken 586 times
    584 since last reset
  • The average score is 46 of 76
Answer Stats
region / אזור city / עיר % Correct
תל אביב-יפו
96%
חיפה
95%
אילת
92%
באר שבע
91%
ירושלים
90%
דרום אשדוד
88%
ראשון לציון
87%
אשקלון
87%
נתניה
85%
צפון קרית שמונה
84%
כפר סבא
83%
נהריה
82%
טבריה
81%
פתח תקווה
81%
רמת גן
79%
חולון
78%
הרצליה
78%
חדרה
77%
עכו
76%
רחובות
76%
מודיעין-מכבים-רעות
76%
דימונה
76%
נצרת
74%
בת ים
74%
רמלה
71%
שדרות
71%
בני ברק
70%
צפת
69%
עפולה
69%
לוד
69%
רעננה
68%
הוד השרון
68%
גבעתיים
67%
קריית גת
67%
בית שמש
64%
רמת השרון
64%
קרית אתא
63%
קרית ביאליק
63%
ערד
63%
נס ציונה
62%
ראש העין
61%
נתיבות
60%
יבנה
59%
קרית מוצקין
58%
קרית ים
57%
בית שאן
57%
כרמיאל
56%
אופקים
56%
רהט
54%
קריית אונו
52%
קרית מלאכי
52%
יהוד-מונסון
51%
אריאל
50%
אום אל-פאחם
49%
נשר
49%
אור יהודה
48%
נצרת עילית
46%
מעלה אדומים
44%
כפר יונה
43%
גבעת שמואל
42%
אלעד
41%
מעלות-תרשיחא
40%
טירה
40%
מרכז מודיעין עילית
39%
סחנין
38%
טירת הכרמל
36%
טייבה
36%
כפר קאסם
36%
מגדל העמק
34%
ביתר עילית
32%
שפרעם
29%
יקנעם עילית
27%
קלנסווה
23%
טמרה
22%
באקה אל-גרבייה
22%
אור עקביא
5%
No matching quizzes found
Score Distribution
Percent of People with Each Score
Percentile by Number Answered
Your Score History
You have not taken this quiz since the last reset